[Event "Hastings Masters"]
[Site "?"]
[Date "2009.12.28"]
[Round "1.1"]
[White "Druckenthaner, Andreas"]
[Black "Drozdovskij, Yuri"]
[Result "0-1"]
[WhiteElo "2296"]
[BlackElo "2625"]
[PlyCount "66"]
[EventDate "2009.12.28"]
[SourceDate "2009.12.28"]

1. e4 e6 2. Nf3 d5 3. Nc3 Nf6 4. e5 Nfd7 5. d4 c5 6. dxc5 Nc6 7. Bf4 Nxc5 8.
Bd3 Be7 9. h4 Qb6 10. O-O a6 11. Rb1 Bd7 12. a3 Nxd3 13. cxd3 O-O 14. b4 Nd4
15. Nxd4 Qxd4 16. Ne2 Qb6 17. h5 f6 18. Be3 Qc7 19. exf6 Bxf6 20. Rc1 Qd8 21.
Bc5 Rf7 22. f4 Qe8 23. Qd2 e5 24. Rce1 e4 25. Nc3 Bxc3 26. Qxc3 Bb5 27. Rf3
exf3 28. Rxe8+ Rxe8 29. g3 Re2 30. Bd6 Bd7 31. Bc5 Rg2+ 32. Kf1 Bh3 33. Bf2 Re7
0-1

[Event "Hastings Masters"]
[Site "?"]
[Date "2009.12.28"]
[Round "1.3"]
[White "Getz, Nicolai"]
[Black "Istratescu, Andrei"]
[Result "0-1"]
[WhiteElo "2270"]
[BlackElo "2624"]
[PlyCount "76"]
[EventDate "2009.12.28"]
[SourceDate "2009.12.28"]

1. e4 g6 2. d4 Bg7 3. Nc3 c6 4. Nf3 d6 5. Bc4 Nf6 6. Bb3 O-O 7. O-O d5 8. exd5
Nxd5 9. Re1 Bg4 10. h3 Bxf3 11. Qxf3 Nxc3 12. bxc3 e6 13. a4 Na6 14. Bf4 Rc8
15. Be5 Nc7 16. Rab1 b6 17. Rbd1 Ne8 18. c4 Bxe5 19. Rxe5 Nf6 20. Re3 Kg7 21.
g4 Qd6 22. c5 bxc5 23. dxc5 Qxc5 24. Rc3 Qg5 25. Rxc6 Nxg4 26. Rxc8 Nf6+ 27.
Qg2 Qxg2+ 28. Kxg2 Rxc8 29. Rd4 Kf8 30. Kg3 Rc3+ 31. f3 Ke7 32. Rb4 Rc7 33. Kf4
Nd7 34. Ke3 Nc5 35. Bc4 a5 36. Rb5 Nxa4 37. Bb3 Nc5 38. Rxa5 Nxb3 0-1

[Event "Hastings Masters"]
[Site "?"]
[Date "2009.12.28"]
[Round "1.4"]
[White "Edouard, Romain"]
[Black "Rudd, Jack"]
[Result "1-0"]
[WhiteElo "2620"]
[BlackElo "2296"]
[PlyCount "83"]
[EventDate "2009.12.28"]
[SourceDate "2009.12.28"]

1. d4 Nf6 2. c4 e6 3. Nf3 c5 4. d5 b5 5. Bg5 exd5 6. cxd5 d6 7. e4 a6 8. a4 Be7
9. Nbd2 Nxd5 10. Bxe7 Qxe7 11. axb5 O-O 12. Bc4 Nf4 13. O-O Ra7 14. g3 Ng6 15.
bxa6 Nxa6 16. Re1 Nb4 17. Rxa7 Qxa7 18. Nf1 Bg4 19. Ne3 Bxf3 20. Qxf3 Ne5 21.
Qd1 Nbc6 22. Kg2 Nd4 23. Bd5 Rb8 24. b3 g6 25. Rf1 Nef3 26. Nc2 Qd7 27. Nxd4
Nxd4 28. f4 Kg7 29. f5 f6 30. h4 Qe7 31. Rf2 gxf5 32. exf5 Qe5 33. Qg4+ Kh8 34.
Bf7 d5 35. h5 Rf8 36. Be6 Nxe6 37. fxe6 f5 38. Re2 Qf6 39. Qa4 Qe7 40. Qd7 Qg7
41. e7 Rg8 42. Qd6 1-0

[Event "Hastings Masters"]
[Site "?"]
[Date "2009.12.28"]
[Round "1.5"]
[White "Marusenko, Peter"]
[Black "Howell, David"]
[Result "0-1"]
[WhiteElo "2264"]
[BlackElo "2597"]
[PlyCount "73"]
[EventDate "2009.12.28"]
[SourceDate "2009.12.28"]

1. d4 Nf6 2. c4 g6 3. Nc3 d5 4. Nf3 Bg7 5. e3 O-O 6. cxd5 Nxd5 7. Bc4 Nb6 8.
Bb3 c5 9. O-O c4 10. Bc2 Nc6 11. h3 f5 12. Qe2 e5 13. dxe5 Nxe5 14. Nxe5 Bxe5
15. f4 Bg7 16. e4 fxe4 17. Be3 Qc7 18. Bxe4 Bf5 19. Bxf5 Rxf5 20. Rad1 Raf8 21.
Qf3 Qf7 22. g4 Ra5 23. Rf2 Na4 24. Bd4 Nxc3 25. bxc3 Ra3 26. f5 gxf5 27. gxf5
Bxd4 28. Rxd4 Kh8 29. Rg2 Qf6 30. Rxc4 Ra5 31. Rf4 Rc5 32. c4 b6 33. Qg3 Rcc8
34. Rg4 Rce8 35. Kh2 Qxf5 36. Rg7 Qf6 37. Rxa7 {White lost on time} 0-1

[Event "Hastings Masters"]
[Site "?"]
[Date "2009.12.28"]
[Round "1.7"]
[White "Mason, Don"]
[Black "Hebden, Mark L"]
[Result "0-1"]
[WhiteElo "2255"]
[BlackElo "2522"]
[PlyCount "95"]
[EventDate "2009.12.28"]
[SourceDate "2009.12.28"]

1. d4 Nf6 2. c4 g6 3. Nc3 Bg7 4. e4 d6 5. Nf3 O-O 6. h3 e5 7. d5 a5 8. Bg5 h6
9. Be3 Na6 10. g4 c6 11. Nd2 Nc5 12. Qc2 Bd7 13. f3 cxd5 14. cxd5 Rc8 15. a4 h5
16. Nc4 Ne8 17. Nb5 Bxb5 18. axb5 a4 19. b6 Bf6 20. gxh5 Bh4+ 21. Kd1 Bg5 22.
Bxc5 Rxc5 23. Rg1 Be3 24. Rg2 Qf6 25. Be2 Bh6 26. Rxa4 Ng7 27. hxg6 fxg6 28.
Ra7 Rb8 29. b3 Nh5 30. Rg4 Kh7 31. Qa2 Qd8 32. Qa6 Qe7 33. Qa4 Nf6 34. Rg2 Nd7
35. Ke1 Nxb6 36. Qb4 Nc8 37. Ra1 b5 38. Na5 Qh4+ 39. Kd1 Rxd5+ 40. Kc2 Rc5+ 41.
Kb2 Ne7 42. Qe1 Qxe1 43. Rxe1 Bd2 44. Ra1 Bc3+ 45. Kb1 Bxa1 46. Kxa1 Rc2 47.
Kb1 Rbc8 48. b4 0-1

[Event "Hastings Masters"]
[Site "?"]
[Date "2009.12.28"]
[Round "1.8"]
[White "Arkell, Keith"]
[Black "Talsma, Paul"]
[Result "1-0"]
[WhiteElo "2464"]
[BlackElo "2252"]
[PlyCount "83"]
[EventDate "2009.12.28"]
[SourceDate "2009.12.28"]

1. d4 f5 2. Bg5 g6 3. Nd2 Nh6 4. e4 Nf7 5. Be3 fxe4 6. Nxe4 d5 7. Ng5 Nxg5 8.
Bxg5 Bg7 9. Nf3 O-O 10. Be2 Nd7 11. O-O Qe8 12. c4 e6 13. Qd2 Nf6 14. Bh6 Ne4
15. Qe3 Bf6 16. Bxf8 Qxf8 17. Rac1 c6 18. Ne5 Qg7 19. Bd3 Nd6 20. Rce1 dxc4 21.
Bc2 Nb5 22. f4 Nc7 23. Rd1 Nd5 24. Qd2 Bxe5 25. fxe5 b5 26. Be4 a5 27. Rf3 b4
28. Rdf1 Ba6 29. Bxd5 cxd5 30. Qf2 c3 31. Re1 Rc8 32. bxc3 bxc3 33. Rc1 Qb7 34.
h4 c2 35. Rb3 Qe7 36. Rxc2 Rxc2 37. Qxc2 Qxh4 38. Rb8+ Kg7 39. Qf2 Qe7 40. Ra8
Bb7 41. Rxa5 Qg5 42. Rc5 1-0

[Event "Hastings Masters"]
[Site "?"]
[Date "2009.12.28"]
[Round "1.10"]
[White "Collins, Sam E"]
[Black "Martinsen, Stig K"]
[Result "1-0"]
[WhiteElo "2431"]
[BlackElo "2240"]
[PlyCount "81"]
[EventDate "2009.12.28"]
[SourceDate "2009.12.28"]

1. d4 e6 2. c4 b6 3. a3 Bb7 4. Nc3 f5 5. Nf3 Nf6 6. d5 Na6 7. Bf4 Be7 8. Nd4
O-O 9. e3 Nc5 10. b4 Nce4 11. Ncb5 a6 12. Nxc7 e5 13. Bxe5 Ng4 14. Nxa8 Nxe5
15. f3 Bh4+ 16. g3 Qg5 17. Qb3 Bxg3+ 18. Ke2 Qh5 19. Nxb6 Bxh2 20. Bg2 Ng3+ 21.
Kd2 Nxh1 22. Bxh1 Qh4 23. c5 Qf2+ 24. Ne2 Nxf3+ 25. Bxf3 Qxf3 26. c6 Bc8 27.
d6+ Kh8 28. cxd7 Bxd7 29. Nxd7 Rd8 30. Qe6 f4 31. exf4 Bxf4+ 32. Nxf4 Qxf4+ 33.
Kc2 Qf2+ 34. Kb3 Qf3+ 35. Kc4 Qf4+ 36. Kc5 Qf2+ 37. Kc6 Qc2+ 38. Nc5 Qg2+ 39.
Qe4 Qf2 40. d7 Qf6+ 41. Kc7 1-0

[Event "Hastings Masters"]
[Site "?"]
[Date "2009.12.28"]
[Round "1.11"]
[White "Grant, Alan G"]
[Black "Philippe, Christophe"]
[Result "1/2-1/2"]
[WhiteElo "2236"]
[BlackElo "2430"]
[PlyCount "59"]
[EventDate "2009.12.28"]
[SourceDate "2009.12.28"]

1. Nf3 c5 2. c4 Nc6 3. g3 g6 4. Bg2 Bg7 5. O-O e5 6. Nc3 Nge7 7. d3 O-O 8. a3
d6 9. Rb1 a5 10. Ne1 Be6 11. Nd5 Rb8 12. Nc2 b5 13. b4 axb4 14. axb4 bxc4 15.
dxc4 Bxd5 16. cxd5 Nxb4 17. Nxb4 cxb4 18. Bd2 Qa5 19. Qb3 Qa3 20. Rfc1 Rfc8 21.
Rxc8+ Rxc8 22. Qxb4 Qa2 23. e4 Rc2 24. Qb8+ Nc8 25. Bh3 Bf8 26. Be3 Qc4 27.
Bxc8 Qxc8 28. Qxc8 Rxc8 29. Rc1 Rxc1+ 30. Bxc1 1/2-1/2

[Event "Hastings Masters"]
[Site "?"]
[Date "2009.12.28"]
[Round "1.14"]
[White "Zdebskaja, Natalia"]
[Black "Furman, Boris"]
[Result "1/2-1/2"]
[WhiteElo "2408"]
[BlackElo "2223"]
[PlyCount "55"]
[EventDate "2009.12.28"]
[SourceDate "2009.12.28"]

1. e4 c5 2. Nf3 Nc6 3. d4 cxd4 4. Nxd4 Nf6 5. Nc3 d6 6. Be2 e5 7. Nf3 h6 8. O-O
Be7 9. Re1 O-O 10. h3 Be6 11. Bf1 Nb8 12. b3 a6 13. a4 Nbd7 14. Bb2 Qc7 15. Nd2
Qc6 16. Nc4 Nc5 17. Qf3 b5 18. axb5 axb5 19. Na5 Qb6 20. b4 Na6 21. Ba3 Nc7 22.
Rad1 Nh7 23. Bc1 Bg5 24. Bxg5 Nxg5 25. Qd3 Na6 26. Rb1 Nxb4 27. Rxb4 Qxa5 28.
Rxb5 1/2-1/2

[Event "Hastings Masters"]
[Site "?"]
[Date "2009.12.28"]
[Round "1.16"]
[White "Ansell, Simon T"]
[Black "Anderson, John"]
[Result "1/2-1/2"]
[WhiteElo "2387"]
[BlackElo "2209"]
[PlyCount "58"]
[EventDate "2009.12.28"]
[SourceDate "2009.12.28"]

1. d4 Nf6 2. Nf3 g6 3. Nc3 Bg7 4. e4 d6 5. Be2 O-O 6. O-O Bg4 7. Be3 Nc6 8. Qd2
e5 9. d5 Ne7 10. Ne1 Bxe2 11. Qxe2 c6 12. dxc6 bxc6 13. Rd1 Ne8 14. Nd3 d5 15.
Bc5 d4 16. Na4 Nd6 17. c3 Nec8 18. cxd4 exd4 19. e5 Re8 20. Bxd4 Nf5 21. Bc3
Nb6 22. Nxb6 axb6 23. Qf3 Qc7 24. a3 Rad8 25. g3 Nd4 26. Bxd4 Rxd4 27. Nb4 Bxe5
28. Rfe1 Rxd1 29. Rxd1 Rd8 1/2-1/2

[Event "Hastings Masters"]
[Site "?"]
[Date "2009.12.28"]
[Round "1.18"]
[White "Bates, Richard A"]
[Black "Chowdhury, Sohel"]
[Result "1-0"]
[WhiteElo "2383"]
[BlackElo "2194"]
[PlyCount "103"]
[EventDate "2009.12.28"]
[SourceDate "2009.12.28"]

1. d4 d5 2. c4 e6 3. Nf3 Nf6 4. g3 c6 5. Bg2 Nbd7 6. Qc2 g6 7. O-O Bg7 8. Nbd2
O-O 9. e4 dxe4 10. Nxe4 Nxe4 11. Qxe4 Re8 12. Rd1 Qe7 13. Bg5 Qb4 14. b3 a5 15.
Re1 a4 16. Bd2 Qf8 17. Bf4 Qb4 18. Bd2 Qf8 19. Bf4 Qb4 20. Qe3 c5 21. Rab1 axb3
22. axb3 cxd4 23. Nxd4 Nf8 24. Nb5 Rd8 25. Red1 Rxd1+ 26. Rxd1 e5 27. Bxe5 Bxe5
28. Qxe5 Qxb3 29. Rc1 Ra5 30. Bd5 Be6 31. Bxe6 Nxe6 32. Qb8+ Kg7 33. Qxb7 Nd4
34. Qe4 Nxb5 35. Rb1 Qa4 36. Qe5+ f6 37. Qe7+ Kh6 38. Qf8+ Kg5 39. Qc5+ f5 40.
cxb5 Qe4 41. Qe3+ Qxe3 42. fxe3 Ra7 43. b6 Rb7 44. Kg2 Kf6 45. Kf3 Ke5 46. h4
h6 47. Rb5+ Kf6 48. e4 fxe4+ 49. Kxe4 Ke6 50. h5 gxh5 51. Rxh5 Rh7 52. b7 1-0

[Event "Hastings Masters"]
[Site "?"]
[Date "2009.12.28"]
[Round "1.19"]
[White "Maduekwe, Chiedu"]
[Black "Hawkins, Jonathan"]
[Result "0-1"]
[WhiteElo "2182"]
[BlackElo "2383"]
[PlyCount "70"]
[EventDate "2009.12.28"]
[SourceDate "2009.12.28"]

1. d4 Nf6 2. c4 g6 3. Nc3 Bg7 4. e4 d6 5. Nf3 O-O 6. h3 e5 7. d5 Nh5 8. Nd2 Qe8
9. g3 f5 10. Be2 Nf6 11. g4 Na6 12. g5 Nxe4 13. Ndxe4 fxe4 14. Nxe4 Bf5 15. Ng3
e4 16. Nxf5 gxf5 17. Rb1 f4 18. h4 Nc5 19. Bg4 Nd3+ 20. Kf1 Bd4 21. Be6+ Kh8
22. f3 Qg6 23. Rh2 exf3 24. b4 Qe4 25. Rb3 Nxc1 26. Qxc1 f2 27. Qb1 Qe5 28.
Rhh3 Kg7 29. Qd1 Rae8 30. Rbd3 Be3 31. Qc2 Rxe6 32. dxe6 Qxe6 33. Qc3+ Kg8 34.
Rh1 Qg4 35. c5 Qg1+ 0-1

[Event "Hastings Masters"]
[Site "?"]
[Date "2009.12.28"]
[Round "1.20"]
[White "Eggleston, David J"]
[Black "Snape, Ian L"]
[Result "1/2-1/2"]
[WhiteElo "2367"]
[BlackElo "2176"]
[PlyCount "60"]
[EventDate "2009.12.28"]
[SourceDate "2009.12.28"]

1. e4 c5 2. Nf3 d6 3. d4 cxd4 4. Nxd4 Nf6 5. Nc3 g6 6. Be3 Bg7 7. Be2 O-O 8.
O-O Nc6 9. Nb3 Be6 10. f4 Rc8 11. f5 Bd7 12. Qd2 Ne5 13. a4 Bc6 14. Bd3 d5 15.
exd5 Nxd5 16. Bxa7 Nxc3 17. bxc3 Qd5 18. Nd4 Qa5 19. Nb5 Nxd3 20. Qxd3 Bxb5 21.
axb5 Qxc3 22. Qxc3 Rxc3 23. Rad1 Rxc2 24. Rd7 Ra2 25. b6 Rc8 26. Rxe7 Bd4+ 27.
Kh1 gxf5 28. h3 Rb2 29. Rxb7 Rcc2 30. Bb8 Rxb6 1/2-1/2

[Event "Hastings Masters"]
[Site "?"]
[Date "2009.12.28"]
[Round "1.21"]
[White "Almond, Richard J"]
[Black "Kolbus, Dieter"]
[Result "1/2-1/2"]
[WhiteElo "2174"]
[BlackElo "2355"]
[PlyCount "126"]
[EventDate "2009.12.28"]
[SourceDate "2009.12.28"]

1. d4 Nf6 2. c4 g6 3. Nc3 d5 4. Nf3 Bg7 5. Bf4 O-O 6. e3 c5 7. dxc5 Qa5 8. Rc1
dxc4 9. Bxc4 Nc6 10. O-O Qxc5 11. Bb3 Qa5 12. h3 Bf5 13. Qe2 e5 14. Bh2 Ne4 15.
Nd5 Rae8 16. Rfd1 Kh8 17. Qc4 Nd6 18. Qa4 f6 19. Nd4 Qxa4 20. Bxa4 Nxd4 21.
exd4 Rd8 22. Nxf6 exd4 23. Bxd6 Rxd6 24. Ne8 Rd8 25. Nxg7 Kxg7 26. Rc4 Be6 27.
Rcxd4 Rxd4 28. Rxd4 Bxa2 29. f4 Rf7 30. g4 Re7 31. Kf2 Bf7 32. Bd1 Be8 33. Bf3
Rc7 34. Ke3 Kf6 35. Be4 b6 36. Kf3 Ke7 37. f5 gxf5 38. Bxf5 Bg6 39. Kf4 Bxf5
40. Kxf5 Rc5+ 41. Kf4 Rb5 42. Rd2 h6 43. h4 Ke6 44. Rg2 Rb4+ 45. Ke3 Rb3+ 46.
Kf4 Rh3 47. Re2+ Kf7 48. Re1 Rb3 49. Re2 Rb4+ 50. Kf5 Rb5+ 51. Kf4 Kf6 52. Rg2
Rb4+ 53. Ke3 Kg6 54. Kf3 h5 55. gxh5+ Kxh5 56. Ke3 Kxh4 57. Kd3 Kh3 58. Rg7
Rxb2 59. Rxa7 Kg4 60. Kc3 Rb1 61. Rf7 Kg5 62. Kc4 Kg6 63. Rb7 Kf5 1/2-1/2

[Event "Hastings Masters"]
[Site "?"]
[Date "2009.12.28"]
[Round "1.22"]
[White "Giffard, Nicolas"]
[Black "Jaunooby, Ali R"]
[Result "1-0"]
[WhiteElo "2351"]
[BlackElo "2171"]
[PlyCount "89"]
[EventDate "2009.12.28"]
[SourceDate "2009.12.28"]

1. d4 g6 2. c4 Bg7 3. Nf3 c5 4. d5 e5 5. e4 d6 6. Bd3 Ne7 7. Nc3 O-O 8. O-O f5
9. exf5 gxf5 10. Ng5 h6 11. Nh3 a6 12. f3 Nd7 13. Nf2 Kh8 14. Kh1 Nf6 15. Bd2
b5 16. Qc1 b4 17. Ne2 f4 18. a3 Rb8 19. axb4 cxb4 20. Ra4 b3 21. Ba5 Qe8 22.
Rb4 Bf5 23. Qd1 Nd7 24. Qxb3 Nc5 25. Qa3 Qg6 26. Nc1 e4 27. fxe4 Nxe4 28. Nxe4
Bxe4 29. Bxe4 Qxe4 30. Rxb8 Rxb8 31. Qd3 Qg6 32. Bc3 Qg5 33. Ne2 Rf8 34. g3 Qg6
35. Bxg7+ Qxg7 36. Qd4 Qxd4 37. Nxd4 Rc8 38. b3 fxg3 39. Rf6 g2+ 40. Kxg2 Rg8+
41. Kf3 Rg6 42. Rxg6 Nxg6 43. Nf5 Ne5+ 44. Ke4 Nf7 45. b4 1-0

[Event "Hastings Masters"]
[Site "?"]
[Date "2009.12.28"]
[Round "1.23"]
[White "Lock, Gavin R"]
[Black "Knott, Simon J B"]
[Result "0-1"]
[WhiteElo "2170"]
[BlackElo "2348"]
[PlyCount "120"]
[EventDate "2009.12.28"]
[SourceDate "2009.12.28"]

1. d4 Nf6 2. Nf3 g6 3. c4 Bg7 4. Nc3 d5 5. Bg5 dxc4 6. e4 c5 7. d5 b5 8. d6 Bb7
9. e5 Ne4 10. Nxe4 Bxe4 11. a4 a6 12. Nd2 Bb7 13. Bxe7 Qc8 14. Nf3 Nc6 15. Be2
Nxe7 16. dxe7 Qc7 17. Qc2 Qxe7 18. axb5 axb5 19. Rxa8+ Bxa8 20. Bxc4 O-O 21.
Bxb5 Bxf3 22. gxf3 Qxe5+ 23. Qe2 Qf4 24. Kf1 Rd8 25. h4 Rd2 26. Qe8+ Bf8 27.
Qe4 Qxe4 28. fxe4 Rxb2 29. Bc4 Bg7 30. Rh3 Bd4 31. Rf3 Rb7 32. h5 Kg7 33. hxg6
hxg6 34. Kg2 f6 35. Rb3 Ra7 36. Bd5 Ra1 37. f4 Rc1 38. Rb7+ Kf8 39. Rc7 Ke8 40.
f5 Kd8 41. Ra7 g5 42. Kf3 Be5 43. Ra4 Rg1 44. Rc4 Bd4 45. Rc2 g4+ 46. Kf4 Ke7
47. e5 Bxe5+ 48. Ke3 Kd6 49. Ba8 Rf1 50. Be4 Re1+ 51. Kd3 Bf4 52. Bg2 Be3 53.
Ke4 Bg5+ 54. Kd3 Re3+ 55. Kc4 Ke5 56. Bc6 Kxf5 57. Bd7+ Kf4 58. Kxc5 Re5+ 59.
Kd4 Re4+ 60. Kd3 Rb4 0-1

[Event "Hastings Masters"]
[Site "?"]
[Date "2009.12.28"]
[Round "1.25"]
[White "Rayner, Francis"]
[Black "Webb, Laurence E"]
[Result "0-1"]
[WhiteElo "2153"]
[BlackElo "2321"]
[PlyCount "110"]
[EventDate "2009.12.28"]
[SourceDate "2009.12.28"]

1. e4 e6 2. d4 d5 3. Nc3 Bb4 4. e5 c5 5. Bd2 Nh6 6. dxc5 Nc6 7. Nf3 Bxc5 8.
Bxh6 gxh6 9. Qd2 Bd7 10. a3 Bf8 11. Qf4 Bg7 12. Bd3 O-O 13. Ne4 dxe4 14. Qxe4
Re8 15. Qxh7+ Kf8 16. O-O Nxe5 17. Nxe5 Bxe5 18. Qxh6+ Bg7 19. Qf4 Bc6 20. Rad1
Qf6 21. Qb4+ Kg8 22. c3 Rad8 23. Rfe1 Qg5 24. Be4 Rxd1 25. Rxd1 Rd8 26. Rxd8+
Qxd8 27. g3 a5 28. Qc4 Qd1+ 29. Kg2 Qd5 30. Bxd5 Bxd5+ 31. Qxd5 exd5 32. a4 Kf8
33. Kf3 Ke7 34. Ke3 Ke6 35. f3 d4+ 36. cxd4 Kd5 37. b3 Bxd4+ 38. Kd3 Bg1 39. h3
Bf2 40. g4 Ke5 41. Ke2 Bh4 42. Ke3 Bg5+ 43. Kf2 Kf4 44. Ke2 Bh4 45. Kd3 Kxf3
46. Kd4 Kg3 47. Ke5 Kxh3 48. Kf5 Kg3 49. g5 Kf3 50. Kf6 Ke4 51. Kxf7 Bxg5 52.
Ke6 Kd4 53. Kd7 Kc3 54. Kc7 Kxb3 55. Kxb7 Kxa4 0-1

[Event "Hastings Masters"]
[Site "?"]
[Date "2009.12.28"]
[Round "1.27"]
[White "Green, Andrew D"]
[Black "Greet, Andrew N"]
[Result "0-1"]
[WhiteElo "2151"]
[BlackElo "2423"]
[PlyCount "58"]
[EventDate "2009.12.28"]
[SourceDate "2009.12.28"]

1. e4 e5 2. Nf3 Nc6 3. Bb5 a6 4. Ba4 Nf6 5. d3 d6 6. c4 g6 7. Nc3 Bg7 8. O-O
O-O 9. h3 Nd7 10. Be3 f5 11. Bg5 Nf6 12. d4 Nxd4 13. Nxd4 exd4 14. Qxd4 h6 15.
Be3 Nxe4 16. Qd5+ Kh7 17. Nxe4 fxe4 18. Qxe4 c6 19. g4 Qe8 20. Qd3 Be6 21. f4
Bxc4 22. Qd2 Bxf1 23. Rxf1 Qe7 24. Bc2 Rad8 25. Re1 Rxf4 26. Bf2 Be5 27. Be3
Bd4 28. Bxg6+ Kxg6 29. Qc2+ Qe4 0-1

[Event "Hastings Masters"]
[Site "?"]
[Date "2009.12.28"]
[Round "1.28"]
[White "Griffiths, Ryan Rhys"]
[Black "Safarian, Alek"]
[Result "1-0"]
[WhiteElo "2148"]
[BlackElo "2018"]
[PlyCount "97"]
[EventDate "2009.12.28"]
[SourceDate "2009.12.28"]

1. c4 e6 2. g3 d5 3. Bg2 Nf6 4. Nf3 c5 5. cxd5 Nxd5 6. O-O Nc6 7. Nc3 Be7 8.
Nxd5 Qxd5 9. d3 O-O 10. Be3 Qd8 11. Rc1 Nd4 12. Nd2 Rb8 13. Bf4 Bd6 14. Bxd6
Qxd6 15. e3 Nf5 16. Ne4 Qa6 17. Qb3 Rd8 18. Nxc5 Qd6 19. d4 b6 20. Nd3 h5 21.
Qb4 Ba6 22. Qxd6 Rxd6 23. Rfd1 Bxd3 24. Rxd3 Rbd8 25. Rdc3 g5 26. Be4 Ne7 27.
Rc7 R8d7 28. Kf1 Kg7 29. Ke2 f5 30. Bd3 Kf6 31. Bb5 Rxc7 32. Rxc7 a5 33. a4 Rd8
34. h4 Rc8 35. hxg5+ Kf7 36. Rxc8 Nxc8 37. Kf3 Nd6 38. Kf4 Ne4 39. f3 Nf2 40.
Ke5 Nh1 41. g6+ Kxg6 42. Kxe6 Nxg3 43. d5 h4 44. d6 h3 45. d7 h2 46. d8=Q h1=Q
47. Qg8+ Kh6 48. Qh8+ Kg5 49. Qf6+ 1-0

[Event "Hastings Masters"]
[Site "?"]
[Date "2009.12.28"]
[Round "1.29"]
[White "McDonnell, James J"]
[Black "Goodger, Martyn"]
[Result "0-1"]
[WhiteElo "2014"]
[BlackElo "2147"]
[PlyCount "56"]
[EventDate "2009.12.28"]
[SourceDate "2009.12.28"]

1. e4 e5 2. Nf3 d6 3. d4 exd4 4. Qxd4 a6 5. Bg5 Nc6 6. Qd2 Nf6 7. Nc3 Be7 8.
O-O-O O-O 9. Bc4 b5 10. Bd5 Nxd5 11. exd5 Bxg5 12. Nxg5 Ne5 13. Nf3 Nxf3 14.
gxf3 Qf6 15. Qe3 Bf5 16. Qf4 Rfe8 17. Rhg1 Qe5 18. Qg5 Bg6 19. Qg2 Qf5 20. Ne4
Re5 21. h4 Rxd5 22. h5 Rxd1+ 23. Rxd1 Qxh5 24. f4 Re8 25. Ng5 Qe2 26. Qc6 h6
27. Rd2 Qe7 28. f5 Bxf5 0-1

[Event "Hastings Masters"]
[Site "?"]
[Date "2009.12.28"]
[Round "1.30"]
[White "McKenna, Jason P"]
[Black "Pickersgill, Adrian O"]
[Result "1/2-1/2"]
[WhiteElo "2147"]
[BlackElo "2014"]
[PlyCount "43"]
[EventDate "2009.12.28"]
[SourceDate "2009.12.28"]

1. e4 d5 2. exd5 Qxd5 3. Nc3 Qa5 4. d4 Nf6 5. Nf3 c6 6. Bc4 Bf5 7. Bd2 e6 8.
Qe2 Bb4 9. Ne5 Nbd7 10. Nxd7 Nxd7 11. Bd3 Bxd3 12. Qxd3 Nf6 13. O-O O-O 14. a3
Bxc3 15. Bxc3 Qd5 16. Rfe1 Rfd8 17. Rad1 Rd7 18. Re5 Qxe5 19. dxe5 Rxd3 20.
Rxd3 Nd5 21. Bd2 b5 22. b3 1/2-1/2

[Event "Hastings Masters"]
[Site "?"]
[Date "2009.12.28"]
[Round "1.31"]
[White "Williams, Peter A"]
[Black "O'Toole, George E"]
[Result "1-0"]
[WhiteElo "2012"]
[BlackElo "2146"]
[PlyCount "61"]
[EventDate "2009.12.28"]
[SourceDate "2009.12.28"]

1. f4 g6 2. Nf3 Nf6 3. e3 Bg7 4. Be2 d5 5. O-O O-O 6. d3 c5 7. Nc3 Nc6 8. Ne5
Qc7 9. Nxc6 bxc6 10. e4 e5 11. fxe5 Qxe5 12. Bf4 Qd4+ 13. Kh1 dxe4 14. dxe4 Be6
15. Qe1 Qb4 16. Bd6 Rfe8 17. Be5 Nd7 18. Bxg7 Kxg7 19. Rb1 Qd4 20. Rd1 Qe5 21.
Qf2 Rab8 22. Rxd7 Bxd7 23. Qxf7+ Kh8 24. Qxd7 Re7 25. Qxc6 Rxb2 26. Qc8+ Re8
27. Rf8+ Kg7 28. Rxe8 Qxc3 29. Re7+ Kf6 30. Qf8+ Kg5 31. h4+ 1-0

[Event "Hastings Masters"]
[Site "?"]
[Date "2009.12.28"]
[Round "1.32"]
[White "Cafferty, Bernard"]
[Black "Kirk, Jason"]
[Result "1/2-1/2"]
[WhiteElo "2141"]
[BlackElo "1994"]
[PlyCount "27"]
[EventDate "2009.12.28"]
[SourceDate "2009.12.28"]

1. c4 e5 2. Nc3 d6 3. d4 exd4 4. Qxd4 Nc6 5. Qd2 Nf6 6. e4 g6 7. f3 Bg7 8. b3
Nh5 9. Bb2 O-O 10. Nge2 a5 11. O-O-O Be6 12. Nd5 Bxd5 13. Bxg7 Nxg7 14. cxd5
1/2-1/2

[Event "Hastings Masters"]
[Site "?"]
[Date "2009.12.28"]
[Round "1.33"]
[White "Webb, Matthew"]
[Black "Franklin, Samuel G A"]
[Result "0-1"]
[WhiteElo "1987"]
[BlackElo "2139"]
[PlyCount "62"]
[EventDate "2009.12.28"]
[SourceDate "2009.12.28"]

1. e4 c5 2. a3 g6 3. h4 Bg7 4. h5 Nc6 5. Bc4 e6 6. Nc3 Nf6 7. h6 Bf8 8. Nf3 d5
9. Bb5 Nxe4 10. Qe2 Nd6 11. Bxc6+ bxc6 12. d3 Be7 13. Ne5 Qb6 14. O-O f6 15.
Nf3 Nf7 16. b4 cxb4 17. axb4 Qxb4 18. Be3 Qxc3 19. Rfb1 Ne5 20. Nd4 Bc5 21. Ra4
Ba3 22. Rb3 Qc5 23. Nxe6 Qe7 24. Ng7+ Kf7 25. Rbxa3 a6 26. Ra1 Rd8 27. Bd4 Nd7
28. Qd2 Nf8 29. Qc3 Ne6 30. Re1 Bd7 31. Bc5 Qxc5 0-1

[Event "Hastings Masters"]
[Site "?"]
[Date "2009.12.28"]
[Round "1.34"]
[White "Brechin, Hugh R"]
[Black "Young , Mel J"]
[Result "1-0"]
[WhiteElo "2025"]
[BlackElo "1971"]
[PlyCount "33"]
[EventDate "2009.12.28"]
[SourceDate "2009.12.28"]

1. d4 c5 2. d5 Nf6 3. Nc3 d6 4. e4 g6 5. f4 Bg7 6. Nf3 e6 7. Bb5+ Kf8 8. dxe6
a6 9. Bc4 fxe6 10. a4 Nc6 11. O-O Nd4 12. e5 Nxf3+ 13. Qxf3 Ne8 14. Be3 Qc7 15.
Rad1 Rb8 16. Ne4 b5 17. exd6 1-0

[Event "Hastings Masters"]
[Site "?"]
[Date "2009.12.28"]
[Round "1.35"]
[White "Cumming, Rhys"]
[Black "Nilsen, Joachim Birger"]
[Result "0-1"]
[WhiteElo "1969"]
[BlackElo "2126"]
[PlyCount "52"]
[EventDate "2009.12.28"]
[SourceDate "2009.12.28"]

1. e4 c6 2. d4 d5 3. exd5 cxd5 4. c4 Nf6 5. Nc3 Nc6 6. Nf3 Bg4 7. cxd5 Nxd5 8.
Qb3 Nb6 9. Be3 Bxf3 10. gxf3 e6 11. O-O-O Be7 12. Rg1 Bf6 13. Ne4 Qd5 14. Qxd5
Nxd5 15. Nxf6+ gxf6 16. Kb1 Ke7 17. a3 Rad8 18. Bc4 Rd6 19. Rg7 Nxe3 20. fxe3
Ne5 21. Bxe6 Kxe6 22. f4 Ng6 23. Rc1 Rd7 24. Rc5 Ke7 25. Rb5 h6 26. f5 Kf8 0-1

[Event "Hastings Masters"]
[Site "?"]
[Date "2009.12.28"]
[Round "1.36"]
[White "Straub, Peter"]
[Black "Gibson, Christopher A"]
[Result "1-0"]
[WhiteElo "2122"]
[BlackElo "1964"]
[PlyCount "85"]
[EventDate "2009.12.28"]
[SourceDate "2009.12.28"]

1. d4 Nf6 2. Nf3 e6 3. g3 b6 4. Bg2 Bb7 5. O-O Be7 6. c4 O-O 7. Nc3 Ne4 8. Qc2
Nxc3 9. Qxc3 Bf6 10. Qc2 c5 11. Ng5 Bxg5 12. Bxb7 Bxc1 13. Bxa8 Bg5 14. dxc5
bxc5 15. Rfd1 Qc7 16. Qa4 f5 17. Rd3 Bf6 18. Rb1 f4 19. Ra3 fxg3 20. hxg3 a6
21. Be4 Bd4 22. e3 Be5 23. Qc2 g6 24. Kg2 Nc6 25. Qd2 a5 26. Rd3 Rf7 27. f4 Bg7
28. Rd6 Bf8 29. Rd3 Nb4 30. Rb3 Bg7 31. Rd1 Bf6 32. a3 a4 33. Rxb4 cxb4 34.
Qxb4 Qa7 35. Rd3 d5 36. cxd5 Rb7 37. Qc4 Rxb2+ 38. Kf3 exd5 39. Bxd5+ Kg7 40.
Bc6 Qa5 41. Rd7+ Kh6 42. g4 Rh2 43. Qf7 1-0

[Event "Hastings Masters"]
[Site "?"]
[Date "2009.12.28"]
[Round "1.37"]
[White "Doran, Chris"]
[Black "Hansen, Victor"]
[Result "1/2-1/2"]
[WhiteElo "1963"]
[BlackElo "2113"]
[PlyCount "63"]
[EventDate "2009.12.28"]
[SourceDate "2009.12.28"]

1. e4 c6 2. d4 d5 3. e5 c5 4. c4 dxc4 5. d5 Nd7 6. Nf3 Nb6 7. Nc3 e6 8. d6 Bd7
9. Bg5 Qc8 10. Ne4 Qc6 11. Qc2 Qd5 12. Nc3 Qc6 13. Ne4 Qa4 14. Qxa4 Nxa4 15. b3
Nb6 16. Nxc5 f6 17. Bh4 Rc8 18. Nxd7 Kxd7 19. bxc4 Nxc4 20. Bxc4 Rxc4 21. O-O
g5 22. Bg3 g4 23. Nd2 Rc2 24. Ne4 f5 25. Ng5 h6 26. Nf7 Rh7 27. Rfc1 Rc6 28.
Rxc6 bxc6 29. Rb1 Rxf7 30. Rb7+ Ke8 31. Rb8+ Kd7 32. Rb7+ 1/2-1/2